| 000 | 00614nam a2200181Ia 4500 | ||
|---|---|---|---|
| 008 | 100920s9999 xx 000 0 und d | ||
| 082 |
_b89310 _a891.43 थ 70 |
||
| 100 | _aकमलेश्वर. | ||
| 245 | _aजिन्दा मुर्दे. | ||
| 260 |
_bराजपाल एण्ड सन्स ,कश्मीरी गेट, दिल्ली. _c1970 |
||
| 300 |
_a106 _bसाधी |
||
| 365 | _b3 | ||
| 520 | _aहिंदी. | ||
| 630 | _aजिन्दा मुर्दे. | ||
| 650 | _aहिंदी. | ||
| 730 | _aजिन्दा मुर्दे. | ||
| 942 | _cBOOK | ||
| 999 |
_c729807 _d729804 |
||